Strikers in Football Teams - Statistics

General Stats
  • This quiz has been taken 99 times
  • The average score is 21 of 40
Answer Stats
Hint Answer % Correct
Portugal Cristiano Ronaldo
91%
Manchester United Cristiano Ronaldo
91%
Poland Robert Lewandowski
84%
Bayern Munich Robert Lewandowski
84%
England Harry Kane
83%
France Kylian Mbappe
83%
Paris Saint-Germain Kylian Mbappe
83%
Real Madrid Karim Benzema
79%
Borussia Dortmund Erling Haaland
75%
Sweden Zlatan Ibrahimovic
75%
Brazil Gabriel Jesus
73%
Argentina Lautaro Martinez
69%
Internazional Lautaro Martinez
69%
Liverpool Roberto Firmino
69%
Italy Ciro Immobile
66%
SS Lazio Ciro Immobile
66%
Spain Alvaro Morata
60%
Canada Jonathan David
58%
Mexico Raul Jimenez
54%
Wolverhampton Wanderers Raul Jimenez
54%
Chelsea Romelu Lukaku
52%
AC Milan Olivier Giroud
48%
Celta Vigo Iago Aspas
42%
Serbia Dusan Vlahovic
40%
Ecuador Enner Valencia
39%
Nigeria Victor Osimhen
37%
Villareal Gerard Moreno
36%
Colombia Radamel Falcao
36%
Ajax Sebastian Haller
36%
Manchester City Phil Foden
35%
Real Sociedad Alexander Isak
33%
Iran Mehdi Taremi
33%
Barcelona Ferran Torres
29%
Lille OSC Burak Yilmaz
26%
Switzerland Haris Seferovic
22%
Bayer 04 Leverkusen Patrik Schick
22%
1. Football Club Koln Anthony Modeste
19%
Russia Artyom Dzuyba
8%
Ghana Asamoah Gyan
8%
Senegal Bamba Dieng
2%
No matching quizzes found
Score Distribution
Percent of People with Each Score
Percentile by Number Answered
Your Score History
You have not taken this quiz